| 000 | 00000nam 2200000za 4500 |
| 001 | 9.661469 |
| 003 | CaOODSP |
| 005 | 20210913132340 |
| 007 | ta |
| 008 | 150407s2000 onc f000 0 eng d |
| 020 | |a0-662-64629-0 |
| 040 | |aCaOODSP|beng |
| 041 | |aeng |
| 041 | |afre |
| 043 | |an-cn--- |
| 086 | 1 |aC2-467/2000 |
| 110 | 1 |aCanada. |bAdvisory Council on Science and Technology. |
| 245 | 10|aStepping up: skills and opportunities in the knowledge economy / |cAdvisory Council on Science and Technology. |
| 260 | |aOttawa - Ontario : |bIndustry Canada. |c2000. |
| 300 | |aEnglish text, x, 78p. : |bfigs., graphs, references ; |c28 cm. + |ethe CD-ROM version. |
| 500 | |aAlso available on CD-ROM (C2-467/2000-MRC). |
| 590 | |a00-19|b2000-05-12 |
| 690 | 07|aLabour force|2gcpds |
| 690 | 07|aLabour market|2gcpds |
| 690 | 07|aIndustry|2gcpds |
| 690 | 07|aKnowledge based economy|2gcpds |
| 776 | 0#|tViser plus haut : |w(CaOODSP)9.639299 |
| 776 | 0#|tStepping up : |w(CaOODSP)9.695155 |
| 792 | |tViser plus haut: compétences et esprit d'entreprise dans l'économie du savoir / |efre|w(CaOODSP)9.661470 |
| 986 | |a52955B |